| 000 | 00452nam a2200193Ia 4500 | ||
|---|---|---|---|
| 005 | 20250603145447.0 | ||
| 008 | 250603s9999 xx 000 0 und d | ||
| 020 | _a9789780291372 | ||
| 050 | _aKP 90 .O6/ | ||
| 100 | _aOkonkwo, C. O. | ||
| 245 | 0 | _aOkonkwo and Naish : criminal law in Nigeria | |
| 250 | _a3rd ed. | ||
| 260 | _aIbadan | ||
| 260 | _bSpectrum Books Ltd | ||
| 260 | _c2018 | ||
| 300 | _a389 p | ||
| 650 | _aIbadan | ||
| 942 | _cBK | ||
| 999 |
_c41923 _d41923 |
||